000 00231nam a2200097Ia 4500
008 230620s9999 xx 000 0 und d
020 _a9780446516693
100 _aMORRELL, DAVID
_9106320
245 0 _aASSUMED IDENTITY
942 _cBK
_w561
_xJohn Tresidder
_y561
_zJohn Tresidder
999 _c754059
_d754058